Política Social: vínculo entre Estado y sociedad /
Spremljeno u:
| Glavni autor: | |
|---|---|
| Autor kompanije: | |
| Daljnji autori: | |
| Format: | Tekst |
| Izdano: |
San José:
UCR
|
| Teme: | |
| Oznake: |
Dodaj oznaku
Bez oznaka, Budi prvi tko označuje ovaj zapis!
|
MARC
| LEADER | 00000 a a2200000 04500 | ||
|---|---|---|---|
| 001 | 26961 | ||
| 003 | |||
| 040 | |||
| 020 | |a 9977-67-621-6 | ||
| 090 | |a 183107 | ||
| 100 | |a Reuben Soto, Sergio | ||
| 110 | |a Universidad de Costa Rica. Facultad de Ciencias Sociales. Escuela de Antropología y Sociología | ||
| 245 | |a Política Social: vínculo entre Estado y sociedad / |c Sergio Reuben Soto | ||
| 260 | |a San José: |b UCR | ||
| 300 | |a 449 p. | ||
| 650 | |a SEGURIDAD SOCIAL | ||
| 650 | |a SALUD | ||
| 650 | |a ATENCION PRIMARIA DE LA SALUD | ||
| 650 | |a BIENESTAR SOCIAL | ||
| 650 | |a SISTEMAS DE JUBILACION | ||
| 650 | |a LEGISLACION | ||
| 700 | |a ed. | ||
| 999 | |c 10762 |d 10762 | ||



